Medical device accidents : with illustrative cases /

Bibliographic Details
Main Author: Geddes, L. A. (Leslie Alexander), 1921-
Format: Book
Language:English
Published: Boca Raton : CRC Press, [1998]
Subjects:

MARC

Tag First Indicator Second Indicator Subfields
LEADER 00000cam a2200000 a 4500
001 in00004487113
005 20191203081530.0
008 971125s1998 flua b 001 0 eng c
010 |a  97044271  
020 |a 0849392365 (alk. paper) 
035 |a (OCoLC)38048932 
035 |9 AAH3708MS 
035 |z (UtOrBLW)24787 
035 |a 38409 
040 |a DNLM/DLC  |c DLC  |d NLM  |d C#P  |d UtOrBLW 
049 |a TMVM  |c 1 
050 0 0 |a R856.6  |b .G43 1998 
060 1 0 |a WB 26  |b G295m 1998 
069 0 |a 9717680 
082 0 0 |a 617.1  |2 21 
096 |a WB 26  |b G295m 1998 
100 1 |a Geddes, L. A.  |q (Leslie Alexander),  |d 1921- 
245 1 0 |a Medical device accidents :  |b with illustrative cases /  |c Leslie A. Geddes. 
264 1 |a Boca Raton :  |b CRC Press,  |c [1998] 
264 4 |c ©1998 
300 |a 245 pages :  |b illustrations ;  |c 24 cm. 
336 |a text  |2 rdacontent  |b txt 
337 |a unmediated  |2 rdamedia 
338 |a volume  |2 rdacarrier  |b nc 
504 |a Includes bibliographical references and index. 
650 2 |a Equipment Failure. 
650 2 |a Wounds and Injuries  |x etiology. 
650 2 |a Equipment Design. 
650 2 |a Accident Prevention. 
999 |a MARS 
999 f f |s d1a0b6c0-9d49-3dda-8bab-ed97f0dd2747  |i cdd3d88d-48ec-364c-8b74-3e2e541de1bb  |t 0 
952 f f |p ric  |a Texas A&M University  |b Rellis Campus  |c Joint Library Facility  |d Remote Storage  |t 0  |e WB 26 G295m 1998  |h National Library of Medicine classification  |i unmediated -- volume  |m 323890126398B 
998 f f |a WB 26 G295m 1998  |t 0  |l Remote Storage